000 01024nam a2200265 a 4500
001 000005196
005 20200929151615.0
008 090816s1985 dr 000 0 spa d
040 _aDO-SdBNP
_bspa
_cBNPHU
082 _a302.2
_bP588s
100 1 _aPiccini, Mabel
_914863
245 1 0 _aSobre la producción discursiva, la comunicación y las ideologías /
_cMabel Piccini.
260 _aSanto Domingo :
_bUniversitaria- UASD,
_c1985.
300 _a58 p. ;
_c20 cm.
490 1 _aPublicaciones de la Universidad Autónoma de Santo Domingo ;
_v159
490 1 _aCuadernos de comunicación
_v6
504 _aIncluye bibliografía y notas al pie de páginas.
504 _aBibliografía : p.55-58.
590 _aInventariado, 2018/BT
650 4 _aComunicación
_xAspectos sociales
_91659
650 4 _aInvestigación social
_914499
830 0 _aPublicaciones de la Universidad Autónoma de Santo Domingo ;
_n1159
_914864
830 0 _aCuadernos de comunicación ;
_n6
_914865
910 _aValidado. Control de calidad. EMS
999 _c4998
_d4998